000 00535nam a2200157Ia 4500
008 240729s9999 xx 000 0 und d
022 _a2676-5373
245 0 _aInternational Journal of Scientific Research in Dental and Medical Sciences
260 _aIran, Islamic Republic of
260 _bInternational Journal of Scientific Research in Dental and Medical Sciences (IJSRDMS)
650 _a Dentistry
650 _aMedicine
856 _uhttps://doaj.org/toc/1393f63d72464bd2b716199da7712dba
942 _2ddc
942 _cDOAJEJ
999 _c70151
_d70151
945 _a1
_bMadushi Gamage
_c1
_dMadushi Gamage